Legal and practical bank advances / (Record no. 134436)

MARC details
000 -LEADER
fixed length control field 00679nam a22002297a 4500
005 - DATE AND TIME OF LATEST TRANSACTION
control field 20170124110226.0
010 ## - LIBRARY OF CONGRESS CONTROL NUMBER
LC control number A-505851
020 ## - INTERNATIONAL STANDARD BOOK NUMBER
Terms of availability 250.00
International Standard Book Number 818504418X
035 ## - SYSTEM CONTROL NUMBER
System control number A-505851
037 ## - SOURCE OF ACQUISITION
Source of stock number/acquisition Cen Lib/Ret
040 ## - CATALOGING SOURCE
Original cataloging agency DPL
Language of cataloging EN
082 ## - DEWEY DECIMAL CLASSIFICATION NUMBER
Classification number 332.1
Item number NAR
100 ## - MAIN ENTRY--PERSONAL NAME
Personal name Narula, R. K.
9 (RLIN) 40504
245 ## - TITLE STATEMENT
Title Legal and practical bank advances /
Statement of responsibility, etc by R. K. Narula
250 ## - EDITION STATEMENT
Edition statement 2nd rev. ed.
260 ## - PUBLICATION, DISTRIBUTION, ETC. (IMPRINT)
Place of publication, distribution, etc Delhi
Name of publisher, distributor, etc UDH Publishing House
Date of publication, distribution, etc 1984
270 ## - ADDRESS
Address 4078, Second Floor, Nai Sarak
City Delhi
Postal code 110006
300 ## - PHYSICAL DESCRIPTION
Extent xxxii, 796p.
Dimensions 22cm(Hb)
650 ## - SUBJECT ADDED ENTRY--TOPICAL TERM
Topical term or geographic name as entry element Commercial banks
9 (RLIN) 11599
650 ## - SUBJECT ADDED ENTRY--TOPICAL TERM
Topical term or geographic name as entry element Credit policy -- Banks
9 (RLIN) 40505
942 ## - ADDED ENTRY ELEMENTS (KOHA)
Source of classification or shelving scheme Dewey Decimal Classification
Koha item type English Books
Classification part 332.1
Call number suffix NAR
Holdings
Withdrawn status Lost status Damaged status Not for loan Collection code Home library Current library Date acquired Source of acquisition Cost, normal purchase price Total Checkouts Full call number Barcode Date last seen Copy number Cost, replacement price Price effective from Koha item type
      Not For Loan Reference Central Library Central Library 30/07/2015 Cen Lib/Ret 250.00   332.1 NAR A-505851 30/07/2015 1 250.00 30/07/2015 English Books

© Delhi Public Library
Hit Counter
free hit counter